000 00536nam a22001697a 4500
020 _a9786017152154
082 _a551.22
_bABA
100 _aAbakanov, T
245 _aMethodology of development of seismic zoning maps for the earthquake prone regions in Kazakhstan: on the example of East Kazakhstan province.
260 _aAlmaty:
_bInstitute of Seismology;
_c2013.
300 _a127p
504 _aKazakh language
563 _aHB
650 _aSeismology
_936379
650 _aSeismic regions
_9133686
942 _2ddc
_cBK
999 _c616651
_d616651